书目信息 |
| 题名: |
复调音乐写作基础教程
|
|
| 作者: | 饶余燕 著 | |
| 分册: | ||
| 出版信息: | 上海 上海音乐出版社 2020.08 |
|
| 页数: | 521页 | |
| 开本: | 24cm | |
| 丛书名: | ||
| 单 册: | ||
| 中图分类: | J614.2 | |
| 科图分类: | ||
| 主题词: | 复调--fu diao--音乐创作--教材 | |
| 电子资源: | ||
| ISBN: | 978-7-5523-1994-1 | |
| 000 | 00964nam0 2200241 450 | |
| 001 | CAL 010375516 | |
| 005 | 20230217093112.0 | |
| 010 | @a978-7-5523-1994-1@dCNY178.00 | |
| 100 | @a20210923d2020 em y0chiy0120 ea | |
| 101 | 0 | @achi |
| 102 | @aCN@b310000 | |
| 105 | @ag z 000yy | |
| 106 | @ar | |
| 200 | 1 | @a复调音乐写作基础教程@Afu diao yin yue xie zuo ji chu jiao cheng@d= Basic course of polyphonic music writing@f饶余燕著@zeng |
| 210 | @a上海@c上海音乐出版社@d2020.08 | |
| 215 | @a521页@c乐谱@d24cm | |
| 330 | @a本书主要内容包括: 绪论 ; 复调旋律的写作 ; 对比二声部写作 ; 对比二声部写作的复杂结合形式 ; 模仿二声部写作、模仿二声部写作的复杂结合形式 ; 对比三声部写作 ; 模仿三声部写作 ; 四声部写作、赋格写作基本要领。 | |
| 510 | 1 | @aBasic course of polyphonic music writing@zeng |
| 606 | 0 | @a复调@Afu diao@x音乐创作@j教材 |
| 690 | @aJ614.2@v5 | |
| 701 | 0 | @a饶余燕@Arao yu yan@4著 |
| 801 | 0 | @aCN@bBJXHZP@c20230228 |
| 905 | @b1407907-8@dJ614.2@e1499@f2 | |
| 复调音乐写作基础教程= Basic course of polyphonic music writing/饶余燕著.-上海:上海音乐出版社,2020.08 |
| 521页:乐谱;24cm |
| ISBN 978-7-5523-1994-1:CNY178.00 |
| 本书主要内容包括: 绪论 ; 复调旋律的写作 ; 对比二声部写作 ; 对比二声部写作的复杂结合形式 ; 模仿二声部写作、模仿二声部写作的复杂结合形式 ; 对比三声部写作 ; 模仿三声部写作 ; 四声部写作、赋格写作基本要领。 |
| ● |
| 相关链接 |
|
|
|
|
正题名:复调音乐写作基础教程
索取号:J614.2/1499
 
预约/预借
| 序号 | 登录号 | 条形码 | 馆藏地/架位号 | 状态 | 备注 |
| 1 | 1407907 | 214079076 | 第一样本阅览室/ [索取号:J614.2/1499] | 在馆 | |
| 2 | 1407908 | 214079085 | 第一借阅区/ [索取号:J614.2/1499] | 在馆 |